| 000 | 00682nam a2200205 a 4500 | ||
|---|---|---|---|
| 001 | 0734 | ||
| 005 | 20140414132142.0 | ||
| 008 | 040927s19uu xx 00 eng d | ||
| 020 | _a0-439-04602-5 | ||
| 050 |
_aKIT (LCER) 303.4 _bB35 1999 |
||
| 100 | _aBerger, Samantha | ||
| 245 |
_aThen & now / _cSamantha Berger, Daniel Moreton. |
||
| 260 |
_aNew York : _bScholastic, _c1999. |
||
| 300 | _a1 v. (unp.) : ill. ; cm. | ||
| 440 | _aLearning center emergent readers | ||
| 520 | _aSee how science technology change the world around us, by reading about these inventions. | ||
| 650 |
_aTechnology and civilization _xJuvenile literature. |
||
| 999 |
_c115372 _d115372 |
||